Histoire des dogmes dans l'antiquité chrétienne

I tiakina i:
Ngā taipitopito rārangi puna kōrero
Kaituhi matua: Tixeront, J (Author)
Hōputu: Pukapuka
Reo:Wīwī
I whakaputaina: París Victor Lecoffre 1912
Putanga:2a. ed
Ngā marau:
Ngā Tūtohu: Tāpirihia he Tūtohu
Kāore He Tūtohu, Me noho koe te mea tuatahi ki te tūtohu i tēnei pūkete!

MARC

LEADER 00000cam a2200000 a 4500
001 UCD3479
003 CL-VaPUC
008 160609e19120000fr |||||||||||||||||fre|d
082 0 4 |a 270  |b TIX  |2 21 
100 0 |a Tixeront, J  |e author  |9 586987 
245 1 0 |a Histoire des dogmes dans l'antiquité chrétienne 
250 |a 2a. ed 
300 |a t 
942 |c BK 
945 |d 20160609 22:21:00  |a dcastane 
260 |a París  |b Victor Lecoffre  |c 1912 
500 |a t.3: la fin de l'age patristique 430-800 
650 0 |a Cristianismo  |9 257361 
650 0 |a Historia de la iglesia   |9 257565 
650 0 |a Patrología  |9 349346 
583 |a last modification  |c 20160609 22:21:00  |k Rodrigo Vera 
999 |c 364515  |d 364513 
952 |0 0  |1 0  |3 erd  |4 0  |6 270_000000000000000_TIX_1912  |7 0  |8 X  |9 477763  |a BIBTEO  |b BIBTEO  |c TEO_FFR  |h t.3  |i 5235200  |o 270 TIX 1912  |p 5235200  |r 2024-01-18  |w 2019-11-24  |y BK_X  |z Catalogado en:20160609  |k OFM